000
00215 a2200097 4500
001
28987
100
_a
Morris R.L
245
_a
Designing with TTL Int Circuit
260
_a
_b
McGraw-Hill
_c
090
_c
19378
_d
19378
942
_a
NUST-CAE
_c
M
_c
10422
999
_c
264060
_d
264060